| 000 | 00655nam a2200181Ia 4500 | ||
|---|---|---|---|
| 008 | 100921s9999 xx 000 0 und d | ||
| 082 |
_b39516 _a175 न 04 |
||
| 100 | _aमराठे रमा. | ||
| 245 | _aतो आणि ती. | ||
| 260 |
_bमेहता प्रकाशन, पुणे. _c2004 |
||
| 300 |
_a348 _bकलाभारती वितरण,पुणे |
||
| 365 | _b250 | ||
| 520 | _aनीतिशास्त्र-रंजन-नीती. | ||
| 630 | _aतो आणि ती. | ||
| 650 | _aनीतिशास्त्र-रंजन-नीती. | ||
| 730 | _aतो आणि ती. | ||
| 942 | _cBOOK | ||
| 999 |
_c788629 _d788626 |
||